Ordinary and partial differential equation routines in C, C++, fortran, java, maple, and matlab / (Record no. 28898)
[ view plain ]
| 000 -LEADER | |
|---|---|
| fixed length control field | 00631 a2200169 4500 |
| 020 ## - INTERNATIONAL STANDARD BOOK NUMBER | |
| International Standard Book Number | 1584884231 |
| 020 ## - INTERNATIONAL STANDARD BOOK NUMBER | |
| International Standard Book Number | 9781584884231 |
| 082 04 - DEWEY DECIMAL CLASSIFICATION NUMBER | |
| Classification number | 515.3520285 |
| 090 ## - LOCALLY ASSIGNED LC-TYPE CALL NUMBER (OCLC); LOCAL CALL NUMBER (RLIN) | |
| -- | 263 |
| -- | 263 |
| 100 1# - MAIN ENTRY--PERSONAL NAME | |
| Personal name | Lee, H.J. |
| 245 10 - TITLE STATEMENT | |
| Title | Ordinary and partial differential equation routines in C, C++, fortran, java, maple, and matlab / |
| Statement of responsibility, etc. | H.J. Lee, W.E. Schiesser. |
| 260 ## - PUBLICATION, DISTRIBUTION, ETC. | |
| Place of publication, distribution, etc. | [S.l.] : |
| Name of publisher, distributor, etc. | Chapman and Hall/CRC, |
| Date of publication, distribution, etc. | 2003. |
| 300 ## - PHYSICAL DESCRIPTION | |
| Extent | 528 p. ; |
| Dimensions | 24 cm. |
| 700 1# - ADDED ENTRY--PERSONAL NAME | |
| Personal name | Schiesser, W.E. |
| 942 ## - ADDED ENTRY ELEMENTS (KOHA) | |
| Institution code [OBSOLETE] | SNS |
| Koha item type | Book |
| Call number prefix | 515.3520285 LEE |
| Withdrawn status | Lost status | Damaged status | Not for loan | Permanent Location | Current Location | Date acquired | Total Checkouts | Full call number | Barcode | Date last seen | Price effective from | Koha item type |
|---|---|---|---|---|---|---|---|---|---|---|---|---|
| School of Natural Sciences (SNS) | School of Natural Sciences (SNS) | 05/26/2016 | 515.3520285 LEE | SNS0000171 | 05/26/2016 | 05/26/2016 | Book |
